Marinella Carosso, La Généalogie muette. Résonances d’un terme de parenté en Sardaigne, Paris, Éd. du cnrs – Éd. de la msh, 2006, 296 p., ill. (notice n° 1646190)
[ vue normale ]
| 000 -LEADER | |
|---|---|
| fixed length control field | 00567cam a2200145 4500500 |
| 005 - DATE AND TIME OF LATEST TRANSACTION | |
| control field | 20260208002416.0 |
| 041 ## - LANGUAGE CODE | |
| Language code of text/sound track or separate title | fre |
| 042 ## - AUTHENTICATION CODE | |
| Authentication code | dc |
| 100 10 - MAIN ENTRY--PERSONAL NAME | |
| Personal name | Augustins, Georges |
| Relator term | author |
| 245 00 - TITLE STATEMENT | |
| Title | Marinella Carosso, La Généalogie muette. Résonances d’un terme de parenté en Sardaigne, Paris, Éd. du cnrs – Éd. de la msh, 2006, 296 p., ill. |
| 260 ## - PUBLICATION, DISTRIBUTION, ETC. | |
| Date of publication, distribution, etc. | 2008.<br/> |
| 500 ## - GENERAL NOTE | |
| General note | 9 |
| 786 0# - DATA SOURCE ENTRY | |
| Note | L'Homme | 185-186 | 1 | 2008-06-01 | p. 495p-540p | 0439-4216 |
| 856 41 - ELECTRONIC LOCATION AND ACCESS | |
| Uniform Resource Identifier | <a href="https://shs.cairn.info/revue-l-homme-2008-1-page-495p?lang=fr&redirect-ssocas=7080">https://shs.cairn.info/revue-l-homme-2008-1-page-495p?lang=fr&redirect-ssocas=7080</a> |
Pas d'exemplaire disponible.




Réseaux sociaux